000 00400nam a2200157Ia 4500
005 20240807062352.0
008 240806s9999||||xx |||||||||||||| ||eng||
041 _aeng
082 _a891.4309
_bSINS
100 _aSingh, Mithilesh
245 0 _aSwachhandatavadi sameeksha : naye aayaam /
_cSingh, Mithilesh
260 _bAtul Prakashan, Kanpur
300 _a270p.
650 _aHindi
942 _cBK
999 _c16875
_d16875